000 00579nam a2200193 i 4500
001 58614
003 ES-MaACL
005 20260424183902.0
007 t|
008 031023s1970 sp ||||1| spa d
100 1 _aDurrell, Lawrence,
_d1912-1990
_946321
245 1 3 _aBalthazar
_b: el cuarteto de Alejandría /
_cLawrence Durrell ; [traducción de Aurora Bernárdez].
250 _a[1ª ed.].
260 _aBarcelona :
_bEdhasa,
_c1970.
300 _a250 p. ;
_c19 cm.
700 1 _aBernárdez, Aurora.
_928270
852 _aES-MaACL
_jC-40267
_bR.75543
999 _c58614
_d58614